Catalog

Record Details

Catalog Search



The Acts of the Apostles :  with maps, notes and introduction /  by J. Rawson Lumby. Cover Image Book Book

The Acts of the Apostles : with maps, notes and introduction / by J. Rawson Lumby.

Record details

  • Physical Description: x, 472 s.
  • Publisher: Cambridge : University Press , 1937.
Topic Heading: Theology > Bible commentary > New Testament > Acts

Available copies

  • 1 of 1 copy available at Common Catalog SPOK.

Holds

  • 0 current holds with 1 total copy.
Show All Copies
Location Call Number / Copy Notes Barcode Shelving Location Status Due Date
ETS Library 225.7 424470016806 Volný výběr Available -

LDR 00756nam a22002413a 4500
00134107
003CZ-PrJAB
00520181128140654.0
008931015s1937 enk e 000 0
035 . ‡a(CONS)14081
035 . ‡a(UkOxU)014839811
035 . ‡aCD-0000003333
082 . ‡a225.7
092 . ‡aAC1267
100 . ‡aLumby, Joseph Rawson
1102 . ‡aActs of the Apostles. ‡2pre20
24514. ‡aThe Acts of the Apostles : ‡b with maps, notes and introduction / ‡n by J. Rawson Lumby.
260 . ‡aCambridge : ‡bUniversity Press , ‡c1937.
300 . ‡cx, 472 s.
69000. ‡aTheology ‡xBible commentary ‡xNew Testament ‡xActs ‡2pre20
752 . ‡aEngland ‡dCambridge
8524 . ‡bETS ‡bETS ‡cVolný výběr ‡j225.7 ‡p424470016806 ‡y$50.00
910 . ‡aABG450
999 . ‡a14081 ‡c14081 ‡tbiblio
905 . ‡uadmin
901 . ‡a34107 ‡b ‡c34107 ‡tbiblio ‡sets

Additional Resources